000 00751nam a2200253Ia 4500
003 OSt
005 20220918171227.0
006 a|||||r|||| 00| 0
007 ta
008 220917b |||||||| |||| 00| 0 eng d
020 _a9781438426792 (hbk)
_c3998
024 _a262,715
037 _b34356, 19/03/2012, Segment Book Distributors
_cTextual
040 _aARTS
_cARTS
_beng
041 _2eng
_aeng
082 _aQ4, P9
100 _aLoy David R
_934925
245 0 _aAwareness bound and unbound
_b Buddhist essays
260 _aNew York
_bSuny Press USA
_c2009
300 _a208p.
_ccm.
650 _aBUDDHISM
942 _hQ4, P9
_cTEXL
_2CC
999 _c138446
_d138446